000 00583nam a2200217Ii 4500
003 JO-AjNU
008 230606s9999||||xx |||||||||||||| ||und||
020 _a978-81-7446-578-8
040 _aJO-AjNU
_beng
_erda
_cJO-AjNU
041 _aeng
050 1 4 _aHF5686 2008
100 3 _aVerma, K.K,
_eauthor
_91415
245 0 0 _aCorporate Accounting
250 _a1 ed
264 3 1 _aNew Delhi: Excel Books, 2008
300 _a990p
336 _atext
_btxt
_2rdacontent
337 _aunmediated
_bn
_2rdamedia
338 _avolume
_bnc
_2rdacarrier
650 4 _aCorporate Accounting
_91416
999 _aE747
_c747
_d747